| 000 | 00475nam a2200181Ia 4500 | ||
|---|---|---|---|
| 008 | 210719s2021 xx 000 0 und d | ||
| 020 | _a978-0-143-44834-1 | ||
| 041 | _aeng | ||
| 082 | _a820.33 DATT | ||
| 100 | _aDATTA (Durjoy) | ||
| 245 | _aTouch of eternity | ||
| 260 |
_aHaryana _bPenguin Books India (P) Ltd _c2021 |
||
| 300 |
_a278 _bPB |
||
| 365 |
_b199 _cRs |
||
| 650 | _aIndian English Fiction | ||
| 650 | _aIndian English Fiction | ||
| 906 | _aeternity ; Touch | ||
| 999 |
_c211771 _d211771 |
||